Escola del Treball : Generalitat de Catalunya : Barcelona Generalitat de Catalunya :
Descripción Física:
[8] p. : il. ; 25 cm
MARC
| LEADER | 00000nam a2200000Ia 4500 | ||
|---|---|---|---|
| 001 | 9289 | ||
| 008 | 160829s9999 xx 000 0 cat d | ||
| 080 | |a RF-13-67 | ||
| 110 | 2 | |a Escola del Treball (Barcelona, Catalunya) |9 54586 | |
| 245 | |a Escola del Treball : |b Generalitat de Catalunya : |b Barcelona | ||
| 260 | |a Barcelona : |b Edit. Cooperativa Popular, [1937?] | ||
| 300 | |a [8] p. : |b il. ; |c 25 cm | ||
| 590 | |a Hi ha un altre exemplar a 4223, exp. 4 (peça 161) | ||
| 610 | 2 | 0 | |9 54586 |a Escola del Treball (Barcelona, Catalunya) |
| 856 | 4 | |u https://media.diba.cat/diba/fitxers/arxiu/fulletons/bib_9289_1937_baixa.pdf |y Accés lliure | |
| 856 | 4 | |u https://media.diba.cat/diba/fitxers/arxiu/fulletons/bib_9289_1937_baixa.pdf |y Accés lliure | |
| 900 | |a bib_9289_1937_baixa.pdf | ||
| 901 | |a Arxiu | ||
| 942 | |n 1 |2 udc | ||
| 952 | |0 0 |1 0 |4 0 |6 RF1367 |7 1 |9 54614 |a Arxiu |b Arxiu |d 2016-12-01 |l 0 |o RF-13-67 |p 9289 |r 2016-12-01 00:00:00 |w 2016-12-01 |y ARXIU | ||
| 999 | |c 58483 |d 58483 | ||